00357nam a2200109 i 4500001000300000245006900003260002000072040000800092041000800100008004100108856009800149bg 0aTeorija funkcji funkcjonalnyj analiz i ich polożenija. Ryp.30. aCharkow,c1978. cBPK apol s pl f |000 0 pol  uhttp://koha.tu.koszalin.pl/cgi-bin/koha/opac-detail.pl?biblionumber=17838yKatalog online BPK